000 00485nam a2200193Ia 4500
005 20250423095930.0
008 250422s9999 xx 000 0 und d
020 _a9786055187316
050 _aKKX 2720 .G69/
100 _aGözler, Kemal
245 0 _aKısa idare hukuku
250 _a5. bs.
260 _aBursa
260 _bEkin Basım Yayın Dağıtım
260 _c2013
300 _a264 p
650 _aİdare hukuku _ TürkiyeAdministrative law _ Turkey
942 _cBK
999 _c31769
_d31769